000 00723cam a22002411 4500
001 sa 67007347
003 DLC
005 20260227112415.0
008 790502s1966 ii 000 1 eng
010 _asa 67007347
035 _a(OCoLC)4920918
040 _aDLC
_cCU-S
_dDLC
050 0 0 _aHC435.2
_b.N338
082 _a330.954
110 2 _aNational Council of Applied Economic Research.
245 1 0 _aNCAER research for development.
260 _aNew Delhi,
_c[1966]
300 _a83 p.
_c24 cm.
490 1 _aIts Occasional paper,
_v20
651 0 _aIndia
_xEconomic conditions
_y1947-
650 0 _aEconomics
_xResearch
_zIndia.
810 2 _aNational Council of Applied Economic Research.
_tOccasional paper,
_v20.
999 _c76518
_d76518